<?xml version="1.0" encoding="UTF-8"?>
<record
    xmlns:xsi="http://www.w3.org/2001/XMLSchema-instance"
    xsi:schemaLocation="http://www.loc.gov/MARC21/slim http://www.loc.gov/standards/marcxml/schema/MARC21slim.xsd"
    xmlns="http://www.loc.gov/MARC21/slim">

  <leader>00943nam a22002777i 4500</leader>
  <controlfield tag="001">IT\ICCU\TO0\1207225</controlfield>
  <controlfield tag="003">ItRI</controlfield>
  <controlfield tag="005">20240918095847.0</controlfield>
  <controlfield tag="008">030513s2003    it ||||||    |||||1|||||c</controlfield>
  <datafield tag="020" ind1=" " ind2=" ">
    <subfield code="a">8838468109</subfield>
  </datafield>
  <datafield tag="020" ind1=" " ind2=" ">
    <subfield code="a">9788838468100 (4. ed.)</subfield>
  </datafield>
  <datafield tag="040" ind1=" " ind2=" ">
    <subfield code="b">ita</subfield>
    <subfield code="c">CDM</subfield>
  </datafield>
  <datafield tag="041" ind1=" " ind2="7">
    <subfield code="a">ita</subfield>
    <subfield code="2">ISO-639-2</subfield>
  </datafield>
  <datafield tag="082" ind1=" " ind2=" ">
    <subfield code="a">813.54</subfield>
    <subfield code="2">21</subfield>
  </datafield>
  <datafield tag="100" ind1="1" ind2=" ">
    <subfield code="a">Roy, Ron,</subfield>
    <subfield code="d"> (1940)</subfield>
    <subfield code="0">IT\ICCU\RAVV\269464</subfield>
    <subfield code="4">aut</subfield>
  </datafield>
  <datafield tag="240" ind1="1" ind2="4">
    <subfield code="a">The empty envelope</subfield>
    <subfield code="9">Roy, Ron &lt;1940&gt;</subfield>
  </datafield>
  <datafield tag="245" ind1="1" ind2="3">
    <subfield code="a">Il mistero delle lettere rubate /</subfield>
    <subfield code="c">Ron Roy ; traduzione di Erica Ossola ; illustrazioni di John Steven Gurney.</subfield>
  </datafield>
  <datafield tag="260" ind1=" " ind2=" ">
    <subfield code="a">Casale Monferrato :</subfield>
    <subfield code="b">Piemme junior,</subfield>
    <subfield code="c">2003</subfield>
  </datafield>
  <datafield tag="300" ind1=" " ind2=" ">
    <subfield code="a">76 p. :</subfield>
    <subfield code="b">ill. ;</subfield>
    <subfield code="c">20 cm</subfield>
  </datafield>
  <datafield tag="700" ind1="1" ind2=" ">
    <subfield code="a">Gurney, John Steven</subfield>
    <subfield code="0">IT\ICCU\RAVV\269467</subfield>
  </datafield>
  <datafield tag="700" ind1="1" ind2=" ">
    <subfield code="a">Ossola, Erica</subfield>
    <subfield code="0">IT\ICCU\TO0V\472249</subfield>
  </datafield>
  <datafield tag="830" ind1=" " ind2="3">
    <subfield code="a">Il battello a vapore. Piccoli investigatori ;</subfield>
    <subfield code="v">8</subfield>
    <subfield code="0">IT\ICCU\RAV\0817752</subfield>
  </datafield>
  <datafield tag="942" ind1=" " ind2=" ">
    <subfield code="2">ddc</subfield>
    <subfield code="c">BK</subfield>
  </datafield>
  <datafield tag="981" ind1=" " ind2="1">
    <subfield code="6">z01</subfield>
    <subfield code="a">i </subfield>
    <subfield code="b">xxxe  </subfield>
  </datafield>
  <datafield tag="982" ind1=" " ind2="1">
    <subfield code="6">z01</subfield>
    <subfield code="a">n</subfield>
  </datafield>
  <datafield tag="999" ind1=" " ind2=" ">
    <subfield code="c">1757</subfield>
    <subfield code="d">1757</subfield>
  </datafield>
  <datafield tag="952" ind1=" " ind2=" ">
    <subfield code="0">0</subfield>
    <subfield code="1">0</subfield>
    <subfield code="2">ddc</subfield>
    <subfield code="4">0</subfield>
    <subfield code="7">1</subfield>
    <subfield code="a">RA</subfield>
    <subfield code="b">RA</subfield>
    <subfield code="d">2024-09-18</subfield>
    <subfield code="l">0</subfield>
    <subfield code="o">813.54 ROY MIS</subfield>
    <subfield code="p">9577</subfield>
    <subfield code="r">2024-09-18 10:02:32</subfield>
    <subfield code="w">2024-09-18</subfield>
    <subfield code="y">BK</subfield>
    <subfield code="z">Sezione ragazz3</subfield>
  </datafield>
</record>
